000 00428 a2200121 4500
001 ART_9501
005 20260410161847.0
008 260409a
245 1 0 _aLa controversia monetarista o ¿deberíamos desechar las políticas de estabilización?
100 1 _aModigliani, Franco
700 1 _aChávez de la Lama, Ignacio
773 0 _tEl trimestre económico
_g- Vol. LII, Nº 206 (abr./jun. 1985)
_wREV6933
999 _c24608
_d24608